| 000 | 00491nam a2200157 i 4500 | ||
|---|---|---|---|
| 001 | 97865 | ||
| 003 | ES-MaACL | ||
| 005 | 20230906182155.0 | ||
| 007 | t| | ||
| 008 | 050719s1918 it ||||1| ita d | ||
| 100 | 1 |
_aMariani, Filiberto. _976678 |
|
| 245 | 1 | 3 |
_aLa cura del cuore _b: le moderne teorie, le cure piu recenti: consigli pratici ai medici e agli ammalati / _cF. Mariani. |
| 260 |
_aMilano : _bFratelli Treves, _c1918. |
||
| 300 |
_a265 p. ; _c21 cm. |
||
| 852 |
_aES-MaACL _jB-11948 |
||
| 999 |
_c97865 _d97865 |
||